Statistics for Largest Cities - the World's Largest Islands

Click here to take the quiz!

General Stats

  • This quiz has been taken 30 times
  • The average score is 17 of 27

Answer Stats

IslandArea (km^2)City populationLargest City% Correct
North Island111,5831,333,000Auckland
97%
Ireland84,4211,306,000Dublin
97%
Cuba105,8061,610,000Havana
97%
Java138,79434,540,000Jakarta
97%
Great Britain209,33110,979,000London
97%
Hispaniola55,2474,097,000Santo Domingo
97%
Honshu225,80037,977,000Tokyo
97%
Madagascar587,0412,202,000Antananarivo
93%
Sri Lanka65,2683,432,000Colombo
93%
Luzon109,96523,088,000Manila
93%
Greenland2,130,80018,326Nuuk
93%
Iceland101,826131,136Reykjavik
93%
Hokkaido78,7192,027,000Sapporo
86%
South Island145,836377,200Christchurch
83%
Tasmania65,022240,342Hobart
79%
Newfoundland108,860178,427St. John's
66%
Sumatra443,0653,632,000Medan
45%
Mindanao97,5301,222,000Davao
41%
Baffin Island507,4517,740Iqaluit
34%
Sulawesi180,6811,952,000Makassar
34%
Sakhalin72,493181,728Yuzhno-Sakhalinsk
14%
Ellesmere Island196,236129Grise Fiord
10%
New Guinea785,753315,872Jayapura
10%
Victoria Island217,2911,766Cambridge Bay
7%
Isla Grande de Tierra del Fuego47,99267,038Río Grande
7%
Banks Island70,028103Sachs Harbor
3%
Borneo748,168960,000Samarinda
3%

Score Distribution

Percentile by Number Answered

Percent of People with Each Score

Your Score History

You have not taken this quiz